00956nem a2200301 a 4500001001000000003000500010005001700015008004100032010001100073011001100084020001800095040000900113082001700122245016500139260002400304300003900328490003800367650002000405650001900425650001200444650003500456650002700491650002700518700002500545700002100570700002500591830003800616000108885CHAP20220329144028.0140318s2013 it abj|||||| |r|||||eng d a105347 a106319 a9789251074497 cCHAP04a631.4bF212y10aState of the art report on global and regional soil information :bwhere are we? where to go? /cpor Christian Omuto, Freddy Nachtergaele y Ronald Vargas Rojas. aRoma :bFAO,c2013. a69 p. :bil., diagrs., maps, tabs.1 aSoil partnership technical report 4aBases de datos. 4aCartografía. 4aSuelos. 4aSuelosvMapaszAmerica Latina. 4aSuelosvMapaszCaribe. 4aSuelosvMapaszEuropa.1 aNachtergaele, Freddy1 aOmuto, Christian1 aVargas Rojas, Ronald 0aSoil Partnership technical report